00730nam a2200181 4500001000700000003000900007005001700016007000300033008004100036100003000077245009600107260008100203300002200284710006900306852003200375999001900407952012200426121820ES-MaACL20230906191831.0t|070214s1972 sp r ||||1| spa d1 aPortuondo, Juan A.99330310aInterpretación psicoanalítica del psicodiagnóstico de Rorschach /cJuan A. Portuondo. aMadrid : bInstituto Nacional de Psicología Aplicada y Psicotecnia,c1972. a124 p. ; c24 cm.2 aInstituto Nacional de Psicología Aplicada y Psicotecnia.95182 aES-MaACLjC-48757 bR.85006 c121820d121820 00104070aATENEOMbATENEOMcDEPO2d2008-01-17eSCl0oC-48757p1126947r2023-02-23 00:00:00w2023-02-23yMONOGRAFIA